| 000 | 01858cam a22004454i 4500 | ||
|---|---|---|---|
| 003 | PE-LiUPU | ||
| 005 | 20250731173221.0 | ||
| 008 | 150625s1991 miu rb 000 0 eng d | ||
| 035 | _a(Sirsi) a33697 | ||
| 040 |
_aPE-LiUPU _bspa _cPE-LiUPU _erda |
||
| 049 | _aPRUA | ||
| 082 | 0 | 4 |
_a221.07 _bNICOT _221 |
| 100 | 1 |
_aOswalt, John N., _eautor. |
|
| 245 | 1 | 4 |
_aThe book of isaiah chapters 1-39. _n23 / _cJohn N. Oswalt. |
| 264 | 1 |
_aGrand Rapids, Michigan : _bWilliam B. Pub. Co., _c1991. |
|
| 300 |
_a746 páginas ; _c22 centímetros. |
||
| 336 |
_atext _2rdacontent |
||
| 337 |
_aunmediated _2rdamedia |
||
| 338 |
_avolume _2rdacarrier |
||
| 490 | 0 | _aThe New International Commentary on the Old Testament | |
| 504 | _aNotas bibliográficas al pie de páginas. | ||
| 505 | 0 | _aBackground -- Unity of composition -- Date and authorship -- Occasion -- Canonicity -- Hebrew text. -Theology -- Problems in interpretation -- Analysis of contents -- Selec Bibliography.Introducction to the prophecy: The present and future of God's people -- A call to servanthood -- Whom shall we trust? Basis for servanthood. | |
| 526 | _aSEG42 | ||
| 526 | _aSEG41 | ||
| 526 | _aSEG40 | ||
| 526 | _aSEG39 | ||
| 526 | _aP94 | ||
| 526 | _aP87 | ||
| 526 | _aP86 | ||
| 526 | _aP85 | ||
| 526 | _aP77 | ||
| 526 | _aP76 | ||
| 526 | _aP35 | ||
| 630 |
_aBiblia. _pA.T. _pIsaías 1-39 _xComentarios. |
||
| 942 |
_2ddc _cBOOK |
||
| 949 |
_a221.07 NICOT 23a _wDEWEY _c1 _i37786 _lCCODEBUL1 _mBUL _p00.00 _r0 _sY _tBOOK _u2015-06-25 _xTEOLOGIA _zUNKNOWN _0COMPRA _o.STAFF. Colección General |
||
| 596 | _a1 | ||
| 999 |
_a221.07 NICOT 23A _wDEWEY _c41472 _i37786 _d41472 _e2016-10-27 _f2021-11-11 _g5 _lCCODEBUL1 _mBUL _n3 _p42.56 _q11 _r0 _sY _tBOOK _u2015-6-25 _xTEOLOGIA _PP35 _0COMPRA _o.STAFF. Colección Teología |
||
| 980 |
_81 _gALBERTO SANCHEZ Responsable de Automatización |
||